000 00449nam a2200181Ia 4500
003 LK-CoDNM
008 010623t1898 xxu||||| |||| 00| 1 eng d
040 _aLK-CoDNM
_dLK-CoDNM
_eLK-CoDNM
041 _aeng
080 _a8 P 18
100 _aThurston,Edgar.
245 _aMadras Government Museum : Anthropology
260 _bGovernment Press
_aMadras
_c1898
300 _b62p,pl., 21 cm
650 _aMadras
650 _aMalabar
942 _cBK
999 _c84606
_d84606